banner-ar

عزل وحماية المنشأت الخرسانية طبقا لاحدث للمواصفات العالمية / (Record no. 5428)

MARC details
000 -الفاتح
حقل البيانات ثابتة الطول 00840nam a2200205Ia 4500
008 - عناصر البيانات ثابتة الطول - معلومات عامة
حقل البيانات ثابتة الطول 140319s9999 xx 000 0 ara d
020 ## - الرقم الدولى المعيارى للكتب
الرقم الدولى المعيارى للكتاب 7180287977
040 ## - مصدر الفهرسة
وكالة الفهرسة الأصلية GCL /
وكالة النسخ GCL
082 04 - رقم تصنيف ديوى العشرى
رقم التصنيف 693.5
رقم المادة س ع
100 1# - المدخل الرئيسى - إسم شخصى
الإسم الشخصى سعيد على خطاب على
245 10 - بيان العنوان
العنوان عزل وحماية المنشأت الخرسانية طبقا لاحدث للمواصفات العالمية /
بيان المسئوليه,etc سعيد على خطاب على
260 ## - PUBLICATION, DISTRIBUTION, ETC. (IMPRINT)
تاريخ النشر أو التوزيع 2001
300 ## - الوصف المادى
التعداد 191 ص ؛
أبعاد الوعاء 24 سم
650 04 - المدخل الاضافى بالموضوع-مصطلح موضوعى
مصطلح موضوعي المنشأت الخرسانية
650 04 - المدخل الاضافى بالموضوع-مصطلح موضوعى
مصطلح موضوعي المنشأت الخرسانية - مواصفات الامان
650 04 - المدخل الاضافى بالموضوع-مصطلح موضوعى
مصطلح موضوعي المنشأت الخرسانية - عقود ومواصفات
650 04 - المدخل الاضافى بالموضوع-مصطلح موضوعى
مصطلح موضوعي البحيرات الصناعية
942 ## - عناصر المدخل الإضافي( كوها)
مصدر التصنيف او مخطط الترفيف Dewey Decimal Classification
Koha [default] item type كتاب
260 ## - PUBLICATION, DISTRIBUTION, ETC. (IMPRINT)
-- القاهرة :
-- دار الكتب العلمية للنشر والتوزيع ،
Holdings
حالة التراجع حالة الفقد حالة تلف ليس للاعارة المكان المؤقت الموقع الحالى تاريخ الاكتساب اجمالي اﻻعارات رقم الطلب الباركود تاريخ اخر مشاهدة تاريخ تفعيل السعر نوع وعاء كوها
        مكتبة القاهرة الكبرى مكتبة القاهرة الكبرى 03/26/2014   693.5\س ع 11697 03/26/2014 03/26/2014 كتاب

Powered By

EGPV